书目信息 |
| 题名: |
舞蹈基本能力辅助训练
|
|
| 作者: | 杨鸥 主编 | |
| 分册: | ||
| 出版信息: | 上海 上海音乐出版社 2017 |
|
| 页数: | 227页 | |
| 开本: | 23cm | |
| 丛书名: | ||
| 单 册: | ||
| 中图分类: | J712.2 | |
| 科图分类: | ||
| 主题词: | 舞蹈训练 | |
| 电子资源: | ||
| ISBN: | 978-7-5523-1367-3 | |
| 000 | 01132nam0 2200241 450 | |
| 001 | 5721 | |
| 005 | 20180529220215.13 | |
| 010 | @a978-7-5523-1367-3@dCNY38.00 | |
| 100 | @a20171018d2017 em y0chiy50 ea | |
| 101 | 0 | @achi |
| 102 | @aCN@b310000 | |
| 105 | @aa z 000yy | |
| 200 | 1 | @a舞蹈基本能力辅助训练@9wu dao ji ben neng li fu zhu xun lian@dSupplementary training for foundational dance ability@f杨鸥主编@zeng |
| 210 | @a上海@c上海音乐出版社@d2017 | |
| 215 | @a227页@c图@d23cm | |
| 300 | @a北京市教委科研基地科技创新平台项目 舞蹈基本功辅助训练课教程 舞蹈科学理论课参考用书 | |
| 330 | @a本书对舞蹈传统的辅助训练方法进行提炼和理论认识,推荐近年新出现的训练理念和方法,分享本领域乃至编者们自己最新的研究成果。不但提供舞蹈辅助训练的动作教程和练习方法,更注重对舞蹈科学知识的传播普及,为舞蹈教师、学生及演员介绍训练所设计的人体科学原理,以利于掌握辅助训练的基本规律,进而创造性地进行教学设计与训练安排。 | |
| 510 | 1 | @aSupplementary training for foundational dance ability@zeng |
| 606 | 0 | @a舞蹈训练 |
| 690 | @aJ712.2@v5 | |
| 701 | 0 | @a杨鸥@9yang ou@4主编 |
| 801 | 0 | @aCN@b91MARC@c20171018 |
| 905 | @aMuseLib@dJ712.2@e185 | |
| 舞蹈基本能力辅助训练=Supplementary training for foundational dance ability/杨鸥主编.-上海:上海音乐出版社,2017 |
| 227页:图;23cm |
| 北京市教委科研基地科技创新平台项目 舞蹈基本功辅助训练课教程 舞蹈科学理论课参考用书 |
| ISBN 978-7-5523-1367-3:CNY38.00 |
| 本书对舞蹈传统的辅助训练方法进行提炼和理论认识,推荐近年新出现的训练理念和方法,分享本领域乃至编者们自己最新的研究成果。不但提供舞蹈辅助训练的动作教程和练习方法,更注重对舞蹈科学知识的传播普及,为舞蹈教师、学生及演员介绍训练所设计的人体科学原理,以利于掌握辅助训练的基本规律,进而创造性地进行教学设计与训练安排。 |
| ● |
| 相关链接 |
|
|
|
|
正题名:舞蹈基本能力辅助训练
索取号:J712.2/185
 
预约/预借
| 序号 | 登录号 | 条形码 | 馆藏地/架位号 | 状态 | 备注 |
| 1 | 1114564 | 211145642 | 第一样本阅览室/ [索取号:J712.2/185] | 在馆 | |
| 2 | 1114565 | 211145651 | 教育系资料室/ [索取号:J712.2/185] | 在馆 | |
| 3 | 1114566 | 211145660 | 教育系资料室/ [索取号:J712.2/185] | 在馆 | |
| 4 | 1114567 | 211145679 | 教育系资料室/ [索取号:J712.2/185] | 在馆 | |
| 5 | 1114568 | 211145688 | 第一借阅区/ [索取号:J712.2/185] | 在馆 | |
| 6 | 1114569 | 211145697 | 第一借阅区/ [索取号:J712.2/185] | 在馆 |